Evaporation Rate of Aqueous Salt Solutions Droplets; MATEC Web of Conferences; Vol. 91 : Smart Grids 2017

Manylion Llyfryddiaeth
Parent link:MATEC Web of Conferences
Vol. 91 : Smart Grids 2017.— 2017.— [01029, 4 p.]
Prif Awdur: Ponomarev K. O. Konstantin Olegovich
Awdur Corfforaethol: Национальный исследовательский Томский политехнический университет (ТПУ) Энергетический институт (ЭНИН) Кафедра теоретической и промышленной теплотехники (ТПТ)
Awduron Eraill: Feoktistov D. V. Dmitriy Vladimirovich, Marchuk I. V. Igor
Crynodeb:Title screen
The evaporation of aqueous salt solution droplets from metal surfaces has been studied experimentally. The volumetric evaporation rate is found to decrease in time for any initial droplet volume due to an increase in salt concentration and the efforts of system to take a state of thermodynamic equilibrium. Crystalline hydrate film was being formed during desorption of CaCl2 10%, LiCl 10%, LiBr 30% salts. When NaCl 10% salt solution evaporated, there was no film. The average evaporation rate of NaCl salt is higher than for other salts. The lowest values of the average evaporation rate were found for LiBr 30% salt solution.
Iaith:Saesneg
Cyhoeddwyd: 2017
Pynciau:
Mynediad Ar-lein:http://dx.doi.org/10.1051/matecconf/20179101029
http://earchive.tpu.ru/handle/11683/36614
Fformat: Electronig Pennod Llyfr
KOHA link:https://koha.lib.tpu.ru/cgi-bin/koha/opac-detail.pl?biblionumber=652906

MARC

LEADER 00000nla2a2200000 4500
001 652906
005 20250403072125.0
035 |a (RuTPU)RU\TPU\network\18277 
035 |a RU\TPU\network\18276 
090 |a 652906 
100 |a 20170131a2017 k y0engy50 ba 
101 0 |a eng 
105 |a y z 100zy 
135 |a drcn ---uucaa 
181 0 |a i  
182 0 |a b 
200 1 |a Evaporation Rate of Aqueous Salt Solutions Droplets  |f K. O. Ponomarev, D. V. Feoktistov, I. V. Marchuk 
203 |a Text  |c electronic 
300 |a Title screen 
320 |a [References: 21 tit.] 
330 |a The evaporation of aqueous salt solution droplets from metal surfaces has been studied experimentally. The volumetric evaporation rate is found to decrease in time for any initial droplet volume due to an increase in salt concentration and the efforts of system to take a state of thermodynamic equilibrium. Crystalline hydrate film was being formed during desorption of CaCl2 10%, LiCl 10%, LiBr 30% salts. When NaCl 10% salt solution evaporated, there was no film. The average evaporation rate of NaCl salt is higher than for other salts. The lowest values of the average evaporation rate were found for LiBr 30% salt solution. 
461 0 |0 (RuTPU)RU\TPU\network\4526  |t MATEC Web of Conferences 
463 0 |0 (RuTPU)RU\TPU\network\17893  |t Vol. 91 : Smart Grids 2017  |o The Fourth International Youth Forum, October 10-14, 2016, Tomsk, Russia  |o [proceedings]  |f National Research Tomsk Polytechnic University (TPU) ; eds P. A. Strizhak ; G. V. Kuznetsov ; A. O. Zhdanova  |v [01029, 4 p.]  |d 2017 
610 1 |a электронный ресурс 
610 1 |a труды учёных ТПУ 
610 1 |a испарение 
610 1 |a водные растворы 
610 1 |a соли 
610 1 |a солевые растворы 
610 1 |a металлические поверхности 
610 1 |a термодинамическое равновесие 
610 1 |a кристаллогидраты 
700 1 |a Ponomarev  |b K. O.  |c specialist in the field of thermal engineering  |c laboratory assistant of Tomsk Polytechnic University  |f 1993-  |g Konstantin Olegovich  |3 (RuTPU)RU\TPU\pers\35642 
701 1 |a Feoktistov  |b D. V.  |c Specialist in the field of thermal engineering  |c Associate Professor; Deputy Director of Tomsk Polytechnic University, Candidate of technical sciences  |f 1983-  |g Dmitriy Vladimirovich  |y Tomsk  |3 (RuTPU)RU\TPU\pers\34158  |9 17698 
701 1 |a Marchuk  |b I. V.  |g Igor 
712 0 2 |a Национальный исследовательский Томский политехнический университет (ТПУ)  |b Энергетический институт (ЭНИН)  |b Кафедра теоретической и промышленной теплотехники (ТПТ)  |3 (RuTPU)RU\TPU\col\18679 
801 2 |a RU  |b 63413507  |c 20170203  |g RCR 
856 4 |u http://dx.doi.org/10.1051/matecconf/20179101029 
856 4 |u http://earchive.tpu.ru/handle/11683/36614 
942 |c CF